[Event "The day after"]
[Site "SchemingMind.com"]
[Date "2021.10.02"]
[Round "-"]
[White "ray winteringham"]
[Black "kenneth m day"]
[Result "0-1"]
[WhiteCountry "ENG"]
[BlackCountry "USA"]
[WhiteElo "1451"]
[WhiteRD "49"]
[BlackElo "1719"]
[BlackRD "51"]
[GameID "716088"]

1. g3 d5 2. Bg2 c6 3. e4 dxe4 4. Bxe4 Nf6 5. Bg2 e5 6. Ne2 Bc5 7. O-O O-O 8. d3 Bg4 9. Kh1 Qc8 10. a3 Nbd7
11. Bf4 exf4 12. f3 Be6 13. Nxf4 Bf5 14. Nc3 Bd4 15. Qd2 Re8 16. Rab1 Ne5 17. Nfe2 Bb6 18. f4 Neg4 19. Ng1 Ne3 20. Rfe1 Nxg2
21. Qxg2 Qd7 22. Nf3 Bh3 23. Qxh3 Qxh3
0-1

[Event "The day after"]
[Site "SchemingMind.com"]
[Date "2021.10.02"]
[Round "-"]
[White "kenneth m day"]
[Black "ray winteringham"]
[Result "1-0"]
[WhiteCountry "USA"]
[BlackCountry "ENG"]
[WhiteElo "1719"]
[WhiteRD "51"]
[BlackElo "1451"]
[BlackRD "49"]
[GameID "716089"]

1. e4 e5 2. Nf3 d6 3. Bc4 h6 4. Nc3 Be7 5. d4 exd4 6. Nxd4 Nf6 7. O-O Bd7 8. f4 c5 9. Nf5 O-O 10. Be3 Bxf5
11. exf5 a6 12. Qf3 Qb6 13. Na4 Qa7 14. Bd5 Nxd5 15. Qxd5 Nc6 16. a3 b5 17. Nc3 Qc7 18. Rad1 Rad8 19. Qf3 Bf6 20. Nd5 Qc8
21. Nxf6+ gxf6 22. Qg4+ Kh7 23. Rf3 Rg8 24. Qh5 Qb7 25. Rh3 Rxg2+ 26. Kf1
1-0

[Event "The day after"]
[Site "SchemingMind.com"]
[Date "2021.10.06"]
[Round "-"]
[White "Derek Price"]
[Black "ModernMonkey"]
[Result "1-0"]
[WhiteCountry "ENG"]
[BlackCountry "ENG"]
[WhiteElo "2265"]
[WhiteRD "69"]
[BlackElo "1894"]
[BlackRD "158"]
[GameID "716112"]

1. c4 f5 2. g3 Nf6 3. Bg2 e6 4. Nc3 Be7 5. Nf3 O-O 6. O-O d6 7. d3 e5 8. b4 Qe8 9. Qb3 Kh8 10. e3 Nc6
11. Bb2 Bd8 12. b5 Ne7 13. Rfe1 Qh5 14. h3 f4 15. exf4 exf4 16. g4 Nxg4 17. hxg4 Bxg4 18. Nh2 Nf5 19. Nxg4 Qxg4 20. Qd1 Qg6
21. Kh2 Bf6 22. Bh3 f3 23. Qxf3 Nh4 24. Qg3 Nf3+ 25. Kg2 Nh4+ 26. Kh1 Qxg3 27. fxg3 Nf3 28. Re2 Rae8 29. Rxe8 Rxe8 30. Rf1 Nd2
31. Rf2 Nb1 32. Nxb1 Re1+ 33. Kg2 Rxb1 34. Bxf6 gxf6 35. Kf3 Kg7 36. Re2 Kf7 37. Be6+ Kf8 38. Rh2 Kg7 39. Bf5 Rf1+ 40. Rf2 Re1
41. Bc8 b6 42. Bf5 h6 43. g4 Rh1 44. Ke4 Re1+ 45. Kd4 Re5 46. Be4 h5 47. gxh5 Rxh5 48. Bf5 Rh8 49. Kd5 Kf7 50. Kc6
1-0

[Event "The day after"]
[Site "SchemingMind.com"]
[Date "2021.10.06"]
[Round "-"]
[White "ModernMonkey"]
[Black "Derek Price"]
[Result "0-1"]
[WhiteCountry "ENG"]
[BlackCountry "ENG"]
[WhiteElo "1894"]
[WhiteRD "158"]
[BlackElo "2265"]
[BlackRD "69"]
[GameID "716113"]

1. d4 d5 2. c4 c6 3. Nf3 Nf6 4. Nc3 e6 5. e3 Nbd7 6. Qc2 Bd6 7. g4 h6 8. h3 O-O 9. Bd2 dxc4 10. g5 hxg5
11. O-O-O b5 12. Nxg5 Bb7 13. Rg1 Qc7 14. f4 b4 15. Nce4 c5 16. dxc5 b3 17. axb3 cxb3 18. Qc4 Bxe4 19. Nxe4 Nxe4 20. Qxe4 Nxc5
21. Qc4 Rfd8 22. Bc3 Bf8 23. Be2 Qb7 24. Rg5 Rac8 25. Rxd8 Rxd8 26. Rg1 Qe4 27. Qxe4 Nxe4 28. Bd4 Rc8+ 29. Kb1 Nd2+ 30. Ka1 g6
31. Bc3 Ne4 32. Rc1 Bb4 33. Bd2 Rc2 34. Rxc2 bxc2 35. Bc1 Bd2 36. Bd3 Bxc1 37. Bxe4 Bxe3 38. Bxc2 Bxf4 39. Kb1 Kg7 40. Ba4 f5
41. Bd7 Kf6 42. Kc2 e5 43. Kd3 e4+ 44. Ke2 Be5 45. b3 g5 46. Ke3 a5 47. Bc8 Bc3 48. Kf2 f4 49. Bg4 Ke5 50. Bd7 Kd4
51. Bb5 Bb4 52. Bc4 a4
0-1

[Event "The day after"]
[Site "SchemingMind.com"]
[Date "2021.10.05"]
[Round "-"]
[White "Luisito"]
[Black "Nattybridge"]
[Result "1-0"]
[WhiteCountry "CUB"]
[BlackCountry "ENG"]
[WhiteElo "2242"]
[WhiteRD "115"]
[BlackElo "1872"]
[BlackRD "90"]
[GameID "716172"]

1. e4 c6 2. d4 d5 3. Nc3 dxe4 4. Nxe4 Bf5 5. Ng3 Bg6 6. Nf3 Nd7 7. h4 h6 8. Bd3 Bxd3 9. Qxd3 e6 10. Bf4 Ngf6
11. O-O-O Qa5 12. Kb1 Be7 13. Ne4 Nxe4 14. Qxe4 Nf6 15. Qd3 Ng4 16. Qe2 Qf5 17. g3 Qb5 18. c4 Qf5+ 19. Ka1 O-O-O 20. Ne5 Nxe5
21. Bxe5 f6 22. g4 Qg6 23. Bg3 Qf7 24. d5 e5 25. Qf3 Qe8 26. Qf5+ Qd7 27. dxc6 Qxf5 28. cxb7+ Kxb7= 29. gxf5 Bc5 30. Kb1 Kc6
31. h5 Bd4 32. b3
1-0

[Event "The day after"]
[Site "SchemingMind.com"]
[Date "2021.10.05"]
[Round "-"]
[White "Nattybridge"]
[Black "Luisito"]
[Result "0-1"]
[WhiteCountry "ENG"]
[BlackCountry "CUB"]
[WhiteElo "1872"]
[WhiteRD "90"]
[BlackElo "2242"]
[BlackRD "115"]
[GameID "716173"]

1. c4 Nf6 2. g3 g6 3. Bg2 Bg7 4. Nf3 O-O 5. d4 d6 6. O-O Nbd7 7. Nc3 c6 8. Qc2 Nb6 9. c5 dxc5 10. dxc5 Nbd7
11. b4 a5 12. Ba3 Nd5 13. Nxd5 Bxa1 14. Rxa1 axb4 15. Bxb4 cxd5 16. a4 Nf6 17. a5 Qc7 18. Qb2 Bf5 19. Nd4 Bd7 20. e3 Rfe8
21. Nb3 e5 22. Rd1 Bc6 23. Re1 Qc8 24. f4 Qg4 25. Qd2 d4 26. e4 exf4
0-1

[Event "The day after"]
[Site "SchemingMind.com"]
[Date "2021.10.12"]
[Round "-"]
[White "Randy Bahr"]
[Black "Daniel Dubé"]
[Result "1-0"]
[WhiteCountry "USA"]
[BlackCountry "CAN"]
[WhiteElo "1897"]
[WhiteRD "74"]
[BlackElo "1580"]
[BlackRD "58"]
[GameID "716393"]

1. e4 c5 2. Nf3 Nc6 3. Bb5 g6 4. Bxc6 bxc6 5. O-O Bg7 6. Re1 e5 7. b4 cxb4 8. a3 Ne7 9. axb4 O-O 10. Bb2 Qc7
11. d3 d6 12. Nbd2 h6 13. Qc1 Be6 14. c4 c5 15. bxc5 dxc5 16. Qc3 Nc6 17. Nb3 Nd4 18. Nfd2 Nxb3 19. Nxb3 f5 20. Ra5 f4
21. Rxc5 Qb8 22. Rb5 Qc7 23. Ra1 Rfb8 24. Nc5 Bf7 25. Na6 Rxb5 26. Nxc7
1-0

[Event "The day after"]
[Site "SchemingMind.com"]
[Date "2021.10.12"]
[Round "-"]
[White "Daniel Dubé"]
[Black "Randy Bahr"]
[Result "0-1"]
[WhiteCountry "CAN"]
[BlackCountry "USA"]
[WhiteElo "1589"]
[WhiteRD "61"]
[BlackElo "1848"]
[BlackRD "77"]
[GameID "716394"]

1. e4 e5 2. Nf3 d6 3. d4 exd4 4. Bc4 Be7 5. Nxd4 Nf6 6. Nc3 O-O 7. O-O Nc6 8. Nxc6 bxc6 9. Qe2 Kh8 10. Rd1 Ng4
11. h3 Ne5 12. Bb3 Qe8 13. Bf4 f6 14. Bg3 Qg6 15. Ba4 Be6 16. Bxe5 fxe5 17. Bxc6 Bxh3 18. g3 Rab8 19. Nd5 Bh4 20. Kh2 Bg4
21. Qd3 Rxf2+ 22. Kg1 Rf3
0-1

[Event "The day after"]
[Site "SchemingMind.com"]
[Date "2021.10.22"]
[Round "-"]
[White "abuteague"]
[Black "maro"]
[Result "1-0"]
[WhiteCountry "USA"]
[BlackCountry "MEX"]
[WhiteElo "1676"]
[WhiteRD "86"]
[BlackElo "1310"]
[BlackRD "64"]
[GameID "716687"]

1. d4 e5 2. e4 Nf6 3. Bg5 Be7 4. dxe5 Nxe4 5. Bxe7 Qxe7 6. Bd3 Qxe5 7. Nf3 Qe7 8. O-O d5 9. Re1 O-O 10. Nd4 Bd7
11. f3 Qc5 12. Bxe4 dxe4 13. Rxe4 Nc6 14. Kh1 Bf5 15. Nxf5 Qxf5 16. Nc3 Rad8 17. Qe1 Nd4 18. Rc1 Qg6 19. Ne2 Nxe2 20. Qxe2 Qg5
21. Rd1 Rxd1+ 22. Qxd1 Rd8 23. Qe1 h6 24. Re8+ Rxe8 25. Qxe8+ Kh7 26. Qe4+ g6 27. Qe1 h5 28. h3 c5 29. a4 a6 30. Qd1 b5
31. axb5 axb5 32. b3 b4= 33. Qe2 Qc1+ 34. Kh2 Qf4+ 35. g3 Qd6 36. Qf2 h4 37. f4 hxg3+ 38. Kxg3 g5 39. Qf3 gxf4+ 40. Qxf4 Qg6+
41. Qg4 Qxc2 42. Qh5+ Kg7 43. Qe5+ f6 44. Qe7+ Kg6 45. Qe8+ Kf5 46. Qh5+ Ke6 47. Qe8+ Kf5 48. Qh5+ Ke6 49. Qe8+ Kd5 50. Qd7+ Ke5
51. Qe7+ Kf5 52. Qh7+
1-0

[Event "The day after"]
[Site "SchemingMind.com"]
[Date "2021.10.23"]
[Round "-"]
[White "maro"]
[Black "abuteague"]
[Result "0-1"]
[WhiteCountry "MEX"]
[BlackCountry "USA"]
[WhiteElo "1285"]
[WhiteRD "67"]
[BlackElo "1664"]
[BlackRD "87"]
[GameID "716688"]

1. d4 d6 2. c4 g6 3. Nf3 Bg7 4. Nc3 Nf6 5. g3 O-O 6. Bg2 Nc6 7. d5 Nb8 8. O-O c6 9. dxc6 Nxc6 10. Re1 Bg4
11. Qd3 Nb4 12. Qd1 Rb8 13. e4 Nd7 14. a3 Nc6 15. Be3 Nce5 16. b3 Nxf3+ 17. Bxf3 Bxf3 18. Qxf3 Bxc3 19. Bh6 Bxa1 20. Rxa1 Qb6
21. Qc3 Nf6 22. Re1 Rfc8 23. Kh1 Qxf2 24. g4 e5 25. Bd2 Nxg4
0-1

[Event "The day after"]
[Site "SchemingMind.com"]
[Date "2021.10.23"]
[Round "-"]
[White "Chessibelle"]
[Black "Kenny Elliott"]
[Result "0-1"]
[WhiteCountry "ENG"]
[BlackCountry "USA"]
[WhiteElo "1053"]
[WhiteRD "62"]
[BlackElo "1556"]
[BlackRD "71"]
[GameID "716712"]

1. Nf3 d5 2. d4 Nc6 3. e3 Nf6 4. g3 Bf5 5. a3 g6 6. Be2 Be4 7. O-O Bg7 8. Nbd2 O-O 9. c3 Qd7 10. b4 Qh3
11. Re1 Ng4 12. Bf1 Qh6 13. Nh4 Nxh2 14. Kxh2 g5 15. Kh3 gxh4 16. gxh4 Bf5+ 17. Kg3 Qg6+ 18. Kf3 Bg4+
0-1

[Event "The day after"]
[Site "SchemingMind.com"]
[Date "2021.10.22"]
[Round "-"]
[White "Kenny Elliott"]
[Black "Chessibelle"]
[Result "1-0"]
[WhiteCountry "USA"]
[BlackCountry "ENG"]
[WhiteElo "1549"]
[WhiteRD "66"]
[BlackElo "1019"]
[BlackRD "59"]
[GameID "716713"]

1. d4 d5 2. Nf3 e6 3. e3 Bd7 4. c4 Nf6 5. cxd5 exd5 6. Qb3 b6 7. Nc3 c6 8. Bd3 Be7 9. O-O O-O 10. Qc2 g6
11. e4 Kh8 12. Bh6 Rg8 13. Ng5 Ng4 14. Nxf7#
1-0

[Event "The day after"]
[Site "SchemingMind.com"]
[Date "2021.10.24"]
[Round "-"]
[White "Robert Hatfield"]
[Black "Helga1946"]
[Result "0-1"]
[WhiteCountry "USA"]
[BlackCountry "GER"]
[WhiteElo "1823"]
[WhiteRD "64"]
[BlackElo "2271"]
[BlackRD "72"]
[GameID "716715"]

1. c4 Nf6 2. Nc3 e5 3. g3 Nc6 4. Bg2 Bb4 5. Nd5 O-O 6. Nxb4 Nxb4 7. Nf3 e4 8. Nd4 d5 9. a3 dxc4 10. axb4 Qxd4
11. O-O Rd8 12. Qc2 Bg4 13. Re1 Be6 14. Qc3 c6 15. Ra5 h6 16. h3 a6 17. Ra3 Rac8 18. Qc2 c5 19. bxc5 Rxc5 20. Re3 Re5
21. Qc3 Qd6 22. Qc2 b5 23. Kh2 Qd7
0-1

[Event "The day after"]
[Site "SchemingMind.com"]
[Date "2021.10.24"]
[Round "-"]
[White "Helga1946"]
[Black "Robert Hatfield"]
[Result "1-0"]
[WhiteCountry "GER"]
[BlackCountry "USA"]
[WhiteElo "2271"]
[WhiteRD "72"]
[BlackElo "1823"]
[BlackRD "64"]
[GameID "716716"]

1. d4 Nf6 2. c4 e6 3. Nf3 Bb4+ 4. Bd2 a5 5. Qc2 d6 6. Nc3 O-O 7. a3 Bxc3 8. Bxc3 d5 9. cxd5 exd5 10. e3 Bg4
11. Ne5 Be6 12. Bd3 Nc6 13. Nxc6 bxc6 14. O-O h6 15. b4 a4 16. Be1 Qd7 17. Rc1 Rfc8 18. Qxc6 Qxc6 19. Rxc6 Nd7 20. f3 Rab8
21. Bg3 Rb6 22. Rfc1
1-0

[Event "The day after"]
[Site "SchemingMind.com"]
[Date "2021.10.28"]
[Round "-"]
[White "mochiron"]
[Black "Matthew Bailey"]
[Result "0-1"]
[WhiteCountry "JPN"]
[BlackCountry "ENG"]
[WhiteElo "1336"]
[WhiteRD "103"]
[BlackElo "2605"]
[BlackRD "80"]
[GameID "716745"]

1. f4 Nf6 2. Nf3 d6 3. e3 g6 4. Be2 Bg7 5. O-O O-O 6. d4 c5 7. dxc5 dxc5 8. Bd2 Ne4 9. Nc3 Nxd2 10. Nxd2 Nc6
11. Bg4 Bxg4 12. Qxg4 Qxd2 13. Ne4 Qxe3+ 14. Nf2 f5 15. Qd1 Rad8 16. Qe1 Qxf4 17. Nd3 Qc4 18. b3 Qxc2 19. Nf4 Bxa1 20. Qxa1 e5
21. Nh3 Rd2 22. Nf2 Qxa2 23. Qc3 Qc2 24. Qc4+ Qxc4 25. bxc4 e4 26. Nh3 Nd4 27. Nf4 e3 28. h4 e2 29. Nxe2 Nxe2+ 30. Kh2 Re8
31. h5 Re4 32. Kh3 g5 33. g3 Ng1+ 34. Rxg1 Ree2
0-1

[Event "The day after"]
[Site "SchemingMind.com"]
[Date "2021.10.28"]
[Round "-"]
[White "Matthew Bailey"]
[Black "mochiron"]
[Result "1-0"]
[WhiteCountry "ENG"]
[BlackCountry "JPN"]
[WhiteElo "2605"]
[WhiteRD "80"]
[BlackElo "1336"]
[BlackRD "103"]
[GameID "716746"]

1. e4 c6 2. Nc3 d5 3. Nf3 Bg4 4. h3 Bxf3 5. Qxf3 e6 6. d4 Bb4 7. Qg3 Bxc3+ 8. bxc3 g6 9. Bd3 Nf6 10. e5 Ne4
11. Bxe4 dxe4= 12. O-O Nd7 13. Rb1 b6 14. Bg5 Qc7 15. Qh4 O-O 16. Rfe1 c5 17. Rxe4 cxd4 18. Bf6 Nxf6 19. exf6 h5 20. Rb5 Kh7
21. Rxh5+
1-0

[Event "The day after"]
[Site "SchemingMind.com"]
[Date "2021.10.25"]
[Round "-"]
[White "ramesse"]
[Black "carra1971"]
[Result "1/2-1/2"]
[WhiteCountry "SVK"]
[BlackCountry "CUB"]
[WhiteElo "2505"]
[WhiteRD "70"]
[BlackElo "2248"]
[BlackRD "95"]
[GameID "716776"]

1. e4 e5 2. Nf3 Nc6 3. Bb5 Nf6 4. d3 Bc5 5. Nbd2 O-O 6. c3 Re8 7. O-O a6 8. Ba4 h6 9. Re1 d5 10. exd5 Qxd5
11. Qe2 Bf5 12. Ne4 Be7 13. h3 Rad8 14. Bc2 Qd7 15. b4 Nd5 16. Bd2 b5 17. a4 Bh7 18. axb5 axb5 19. Bb3 Kh8 20. Ra6 f6
21. Rea1 Nb6 22. Bc2 Nd5 23. Re1 Bf8 24. Bb3 Nb6 25. Bc2 Qc8 26. Rea1 f5 27. Nc5 e4 28. dxe4=
1/2-1/2

[Event "The day after"]
[Site "SchemingMind.com"]
[Date "2021.10.25"]
[Round "-"]
[White "carra1971"]
[Black "ramesse"]
[Result "1/2-1/2"]
[WhiteCountry "CUB"]
[BlackCountry "SVK"]
[WhiteElo "2248"]
[WhiteRD "95"]
[BlackElo "2505"]
[BlackRD "70"]
[GameID "716777"]

1. d4 d5 2. c4 c6 3. Nf3 Nf6 4. g3 g6 5. Bg2 Bg7 6. O-O O-O 7. cxd5 cxd5 8. Nc3 Nc6 9. Ne5 Bf5 10. Nxc6 bxc6
11. Bf4 Nd7 12. Rc1 Rc8 13. Qd2 Re8 14. b3 e5 15. dxe5 Nxe5 16. Bg5 Qa5 17. Rfd1 Qa3 18. Bh6 d4 19. Nb1 Bxb1 20. Bxg7 Kxg7
21. Rxb1 c5 22. b4 c4 23. Qxd4 c3 24. Rb3 Qxa2 25. Rxc3 Rxc3 26. Qxc3 Qxe2 27. Rd6 Qc4 28. Qb2 Kg8=
1/2-1/2

[Event "The day after"]
[Site "SchemingMind.com"]
[Date "2021.10.30"]
[Round "-"]
[White "Vixx20"]
[Black "JimM"]
[Result "0-1"]
[WhiteCountry "MRT"]
[BlackCountry "USA"]
[WhiteElo "1410"]
[WhiteRD "136"]
[BlackElo "1695"]
[BlackRD "87"]
[GameID "716779"]

1. d4 Nf6 2. c4 e6 3. Nc3 g6 4. e4 d5 5. exd5 exd5 6. Bg5 Bg7 7. Nxd5 O-O 8. Qf3 Re8+ 9. Be2 Re6 10. Nh3 Qd6
11. Nhf4 Nxd5 12. cxd5 Re8 13. Rd1 Qb4+ 14. Qc3 Na6 15. O-O Qd6 16. Bxa6 bxa6
0-1

[Event "The day after"]
[Site "SchemingMind.com"]
[Date "2021.10.29"]
[Round "-"]
[White "JimM"]
[Black "Vixx20"]
[Result "1-0"]
[WhiteCountry "USA"]
[BlackCountry "MRT"]
[WhiteElo "1695"]
[WhiteRD "87"]
[BlackElo "1410"]
[BlackRD "136"]
[GameID "716780"]

1. e4 d6 2. Nf3 Nf6 3. Nc3 e5 4. Bb5+ c6 5. Bc4 b5 6. Bd3 Nbd7 7. a3 a5 8. Ne2 Nc5 9. Ng3 Nxd3+ 10. cxd3 Qb6
11. Qb3 Be6 12. Qc2 h5 13. Nh4 g6 14. Ne2 c5 15. f4 exf4 16. Nxf4 Bd7 17. Nf3
1-0

[Event "The day after"]
[Site "SchemingMind.com"]
[Date "2021.10.26"]
[Round "-"]
[White "Clive Everill"]
[Black "Wojtek26"]
[Result "1-0"]
[WhiteCountry "CZE"]
[BlackCountry "POL"]
[WhiteElo "1640"]
[WhiteRD "58"]
[BlackElo "1323"]
[BlackRD "62"]
[GameID "716818"]

1. e4 e5 2. Nc3 Nf6 3. f4 d6 4. Nf3 Nc6 5. Bb5 exf4 6. d4 a6 7. Ba4 Be7 8. d5 b5 9. Bb3 Na5 10. Bxf4 Nxb3
11. axb3 Bg4 12. Qd3 O-O 13. O-O Bxf3 14. Rxf3 Re8 15. Rh3 g6 16. Rf1 Nd7 17. Qe3 Bf6 18. Bh6 Bxc3 19. Qxc3 f6 20. Re1 Ne5
21. Bf4 a5 22. Qe3 Re7 23. Qg3 g5 24. Bd2 a4 25. Qf2 axb3 26. Rxb3 Rb8 27. Qxf6 Nc4 28. Bc3 Ne5 29. Qxg5+ Rg7 30. Qe3 Qg5
31. Qxg5 Rxg5 32. Bxe5 Rxe5 33. c4 Rbe8 34. Rxb5 Rxe4 35. Rxe4 Rxe4 36. b3 Re1+ 37. Kf2 Rb1 38. Rb7 Rb2+ 39. Kg3 Kh8 40. b4 Rc2
41. Rxc7 Rc3+ 42. Kf4 Rc2 43. b5 Rxg2 44. b6
1-0

[Event "The day after"]
[Site "SchemingMind.com"]
[Date "2021.10.26"]
[Round "-"]
[White "Wojtek26"]
[Black "Clive Everill"]
[Result "1-0"]
[WhiteCountry "POL"]
[BlackCountry "CZE"]
[WhiteElo "1323"]
[WhiteRD "62"]
[BlackElo "1640"]
[BlackRD "58"]
[GameID "716819"]

1. d4 f5 2. c4 Nf6 3. e3 g6 4. Nf3 Bg7 5. Be2 a5 6. Bd2 c6 7. O-O Ne4 8. Nc3 d5 9. a3 Nd7 10. c5 b5
11. cxb6 Nxb6 12. h3 O-O 13. Qc2 Ba6 14. Bxa6 Rxa6 15. Na4 Nc4 16. Nc5 Nxc5 17. dxc5 Nxb2 18. Ng5 Qd7 19. Bc3 Bxc3 20. Qxc3 Nc4
21. Rab1 h6 22. Nf3 Re8 23. Ne5 Qe6 24. Nxc4 dxc4 25. Rb6 Rea8 26. Rfb1 Qd5 27. Rb8+ Rxb8 28. Rxb8+ Kf7 29. Qh8 Qxc5 30. Qf8+ Ke6
31. Qc8+ Ke5 32. Qxa6 Qxa3 33. Qxc4 c5 34. f4+ Kf6 35. Rf8+
1-0

[Event "The day after"]
[Site "SchemingMind.com"]
[Date "2021.11.02"]
[Round "-"]
[White "Arnold Jones"]
[Black "sbb"]
[Result "0-1"]
[WhiteCountry "ENG"]
[BlackCountry "USA"]
[WhiteElo "1477"]
[WhiteRD "64"]
[BlackElo "2447"]
[BlackRD "117"]
[GameID "716955"]

1. d4 Nf6 2. c4 g6 3. Nc3 d5 4. Bf4 Bg7 5. Qc2 c5 6. Nb5 Bf5 7. Nc7+ Qxc7 8. Bxc7 Bxc2 9. Rc1 Be4 10. Bxb8 Rxb8
11. f3 Bh6 12. Ra1 Bc2 13. Kf2 cxd4 14. c5 Be3+ 15. Kg3 g5 16. Nh3 h5 17. f4 Ne4+ 18. Kf3 g4#
0-1

[Event "The day after"]
[Site "SchemingMind.com"]
[Date "2021.11.01"]
[Round "-"]
[White "sbb"]
[Black "Arnold Jones"]
[Result "1-0"]
[WhiteCountry "USA"]
[BlackCountry "ENG"]
[WhiteElo "2447"]
[WhiteRD "117"]
[BlackElo "1477"]
[BlackRD "64"]
[GameID "716956"]

1. e4 e5 2. Nf3 Nc6 3. Bb5 Nf6 4. O-O Nxe4 5. Re1 f5 6. Bxc6 dxc6 7. d3 Nxf2 8. Kxf2 Bc5+ 9. d4 Bb6 10. Rxe5+ Kf8
11. c4 c5 12. Qe1 cxd4 13. Bg5 d3+ 14. c5 Bxc5+ 15. Rxc5 Qd6 16. Rd5 Qb6+ 17. Be3 Qxb2+ 18. Nbd2 Be6 19. Bc5+ Kf7 20. Ng5+ Kf6
21. Qxe6+ Kxg5 22. Rxf5+
1-0

[Event "The day after"]
[Site "SchemingMind.com"]
[Date "2021.10.31"]
[Round "-"]
[White "Phillip Beckett"]
[Black "Robert Bruce"]
[Result "0-1"]
[WhiteCountry "ENG"]
[BlackCountry "SCO"]
[WhiteElo "1439"]
[WhiteRD "56"]
[BlackElo "2439"]
[BlackRD "69"]
[GameID "716959"]

1. e4 e5 2. Nf3 d5 3. exd5 Bd6 4. d3 f5 5. c4 Nf6 6. Be2 O-O 7. O-O c6 8. dxc6 Nxc6 9. Bg5 h6 10. Bxf6 Qxf6
11. Nc3 g5 12. Nd5 Qg7 13. Qb3 g4 14. Nd2 b6 15. Rac1 Bb7 16. c5 Nd4 17. Qc4 Nxe2+ 18. Kh1 Qf7 19. Rce1 Bxd5 20. Qc2 Nf4
21. f3 Qh5 22. cxd6 g3 23. h3 Nxh3 24. gxh3 Qxh3+ 25. Kg1 Qh2#
0-1

[Event "The day after"]
[Site "SchemingMind.com"]
[Date "2021.11.01"]
[Round "-"]
[White "aperturaf"]
[Black "Allan Sedstrem"]
[Result "1-0"]
[WhiteCountry "ESP"]
[BlackCountry "SCO"]
[WhiteElo "2317"]
[WhiteRD "170"]
[BlackElo "1425"]
[BlackRD "77"]
[GameID "716970"]

1. e4 e5 2. f4 exf4 3. Nf3 Nf6 4. e5 Nd5 5. Nc3 Nxc3 6. dxc3 g5 7. h4 g4 8. Nd4 d6 9. Bxf4 Bg7 10. exd6 cxd6
11. Bb5+ Bd7 12. Nf5 Bxc3+ 13. bxc3 Bxb5 14. Nxd6+ Kf8 15. Qd4 Rg8 16. Bh6+ Ke7 17. O-O-O Nc6 18. Nf5+
1-0

[Event "The day after"]
[Site "SchemingMind.com"]
[Date "2021.11.01"]
[Round "-"]
[White "Allan Sedstrem"]
[Black "aperturaf"]
[Result "0-1"]
[WhiteCountry "SCO"]
[BlackCountry "ESP"]
[WhiteElo "1520"]
[WhiteRD "67"]
[BlackElo "2306"]
[BlackRD "157"]
[GameID "716971"]

1. e4 e6 2. d4 d5 3. e5 c5 4. Nf3 cxd4 5. Nxd4 Ne7 6. Bg5 Qc7 7. Bf4 Ng6 8. Nf3 Nxf4 9. g3 Ng6 10. Bg2 Nxe5
11. Nbd2 Be7 12. O-O Nxf3+ 13. Nxf3 Nc6 14. Re1 O-O 15. b3 Rd8 16. Qe2 Bb4 17. Rec1 Bc3 18. Rab1 e5 19. Rd1 e4 20. Ne1 Bf5
21. g4 Bg6 22. h4 h6 23. Bh3 Bxe1 24. Qxe1 Ne5 25. Rbc1 Nf3+ 26. Kf1 Qh2 27. Bg2 Qg1+ 28. Ke2 Nxe1 29. Rxe1 Qxg2
0-1

[Event "The day after"]
[Site "SchemingMind.com"]
[Date "2021.11.02"]
[Round "-"]
[White "AussieMossie"]
[Black "geekknight"]
[Result "1-0"]
[WhiteCountry "AUS"]
[BlackCountry "NED"]
[WhiteElo "2644"]
[WhiteRD "84"]
[BlackElo "1971"]
[BlackRD "103"]
[GameID "717023"]

1. e4 c6 2. d4 d5 3. e5 Bf5 4. Nf3 e6 5. Be2 c5 6. O-O Nc6 7. c3 Bg6 8. a3 cxd4 9. cxd4 Nge7 10. Nc3 Nc8
11. Bd3 Bxd3 12. Qxd3 Be7 13. g3 Nb6 14. Kg2 O-O 15. h4 h6 16. Rh1 Nc4 17. b3 N4a5 18. Ne2 Qb6 19. Rb1 Rac8 20. Ng5 g6
21. Nxe6 Nxe5 22. dxe5 Qxe6 23. Bxh6 Rfe8 24. Nf4 Qxe5 25. Rhe1 Qd6 26. h5 gxh5 27. Re6
1-0

[Event "The day after"]
[Site "SchemingMind.com"]
[Date "2021.11.02"]
[Round "-"]
[White "geekknight"]
[Black "AussieMossie"]
[Result "0-1"]
[WhiteCountry "NED"]
[BlackCountry "AUS"]
[WhiteElo "1971"]
[WhiteRD "103"]
[BlackElo "2644"]
[BlackRD "84"]
[GameID "717024"]

1. c4 e5 2. g3 Nf6 3. Bg2 Bc5 4. Nc3 c6 5. e3 Bb6 6. Nge2 d5 7. d4 dxc4 8. dxe5 Ng4 9. Qxd8+ Kxd8 10. f4 Nxe3
11. Bxe3 Bxe3 12. Ne4 Kc7 13. Nd6 Rd8 14. Nxc4 Bc5 15. Rd1 Rxd1+ 16. Kxd1 Be6 17. b3 Na6 18. Nc3 Rd8+ 19. Kc1 Rd3 20. Kc2 Nb4+
21. Kb1 Rxc3
0-1

[Event "The day after"]
[Site "SchemingMind.com"]
[Date "2021.11.02"]
[Round "-"]
[White "pmdpsp"]
[Black "William Lindberg"]
[Result "0-1"]
[WhiteCountry "GER"]
[BlackCountry "USA"]
[WhiteElo "1713"]
[WhiteRD "89"]
[BlackElo "2474"]
[BlackRD "66"]
[GameID "717027"]

1. c4 e5 2. Nc3 Nf6 3. d4 exd4 4. Qxd4 Nc6 5. Qd1 Bb4 6. Bd2 O-O 7. Nf3 Re8 8. e3 d6 9. Be2 Bxc3 10. Bxc3 Ne4
11. Qc2 b6 12. Bd3 Nxc3 13. Bxh7+ Kh8 14. Bd3 Nxa2 15. Rxa2 Nb4 16. Qb3 Nxa2 17. Qxa2 Bb7 18. c5 dxc5 19. Qxf7 Qxd3 20. Ng5 Qb1+
21. Ke2 Qxb2+ 22. Ke1 Qb4+ 23. Ke2 Qb5+ 24. Ke1 Qb4+ 25. Ke2 Qb2+ 26. Ke1 Qc3+ 27. Ke2 Ba6+ 28. Kd1 Rad8+ 29. Qd5 Rxd5#
0-1

[Event "The day after"]
[Site "SchemingMind.com"]
[Date "2021.11.02"]
[Round "-"]
[White "William Lindberg"]
[Black "pmdpsp"]
[Result "1-0"]
[WhiteCountry "USA"]
[BlackCountry "GER"]
[WhiteElo "2474"]
[WhiteRD "66"]
[BlackElo "1713"]
[BlackRD "89"]
[GameID "717028"]

1. d4 g6 2. e4 Bg7 3. c4 d6 4. Nc3 Nf6 5. h3 O-O 6. Nf3 c5 7. d5 e6 8. Be2 Na6 9. O-O Bd7 10. dxe6 Bxe6
11. Bf4 Ne8 12. Bg5 Qd7 13. Qd2 f6 14. Bf4 Rd8 15. Rad1 Nb4 16. a3 Nc6 17. Rfe1 Ne5 18. Nxe5 fxe5 19. Be3 b6 20. b3 Qc6
21. Qc2 Nf6 22. Rd2 Rf7 23. Red1 Rfd7 24. a4 Kh8 25. Nd5 Kg8 26. Bg5 Bxd5 27. exd5 Qc7 28. Bg4 Re7 29. Be6+ Kh8 30. Rf1 Rf8
31. h4 Ree8 32. Re2 Nh5 33. g3 Bf6 34. Bh6 Bg7 35. Bd2 Bf6 36. Bh3 Qe7 37. g4 Bxh4 38. gxh5 gxh5 39. Qe4 Bg5 40. f4 Bh4
41. fxe5 dxe5 42. Rxf8+ Rxf8 43. Rg2 Bf6 44. Be6 h4 45. Bh6 h3 46. Rg3 Bh4 47. Qxe5+ Bf6 48. Bxf8 Qxf8 49. Qxf6+ Qxf6 50. Rg8#
1-0

[Event "The day after"]
[Site "SchemingMind.com"]
[Date "2021.11.23"]
[Round "-"]
[White "AussieMossie"]
[Black "kenneth m day"]
[Result "1-0"]
[WhiteCountry "AUS"]
[BlackCountry "USA"]
[WhiteElo "2645"]
[WhiteRD "89"]
[BlackElo "1700"]
[BlackRD "53"]
[GameID "717834"]

1. e4 e5 2. Nf3 d5 3. exd5 Bd6 4. d4 e4 5. Nfd2 f5 6. Nc4 Be7 7. Qh5+ g6 8. Qh3 Qxd5 9. Nc3 Qxd4 10. Nb5 Qd8
11. Bf4 Na6 12. Rd1 Bd7 13. Ne5 Nf6 14. Bc4 Bd6 15. Rxd6 cxd6 16. Nxd6+ Kf8 17. Qh6+ Ke7 18. Nxg6+
1-0